Vojna proti katarom vraždenie kresťanov s požehnaním pápeža

Bibliographic Details
Main Author: Konečný, Martin, 1983- (Author)
Format: Article
Language:Slovak
PhysicalDescription:Fotogr.
ISSN:1335-6550
Subjects:

MARC

LEADER 00000nab a2200000 a 4500
001 vtls010060873
003 SK-MaSNL
005 20260304183951.0
008 250708|2009 xo |||||||||||||| b|slo
015 |a SNBRA2010/02  |2 snkbucl 
035 |a (uuid)f603a11e-af09-4527-90a3-95ef09f3c126 
035 |a urn:nbn:sk:snk-ab15lx 
035 |a (urnnbn)urn:nbn:sk:snk:ar-00454e 
038 |a SNKBUCL 
040 |a SNKBUCL  |b slo  |c SNKBUCL  |e AACR2 
041 0 |a slo 
044 |a xo  |c SK 
080 |a 27-876.4  |x (44)  |x "12"  |2 2001 
080 |a 27-763  |x (44)  |x "12"  |2 2001 
080 |a 94(44)"12"  |2 2001 
100 1 |a Konečný, Martin,  |d 1983-  |4 aut  |9 212276 
245 1 0 |a Vojna proti katarom  |b vraždenie kresťanov s požehnaním pápeža  |c Martin Konečný 
300 |b Fotogr. 
600 0 7 |a Inocent  |b III.,  |c pápež,  |d asi 1160-1216  |2 snkbucl  |9 100225 
648 7 |a 1208-1229  |2 snkbucl  |9 1516713 
648 7 |a 13. stor.  |2 snkbucl  |9 306912 
650 0 7 |a katari  |2 snkbucl  |9 113165 
650 0 7 |a križiacke výpravy  |2 snkbucl  |9 78934 
651 7 |a Francúzsko  |2 snkbucl  |9 15907 
651 7 |a Languedoc (Francúzsko)  |2 snkbucl  |9 26580 
655 7 |a štúdie  |2 snkbucl  |9 57033 
773 0 |t Historická revue  |g Roč. XX, č. 11 (2009), s. 42-47  |x 1335-6550 
850 |a Slovenská národná knižnica 
852 |a Slovenská národná knižnica 
954 |a odborná, vedecká literatúra pôvodná (slovenská)  |2 lita 
958 |a article27 
958 |a FR 
958 |a OND 
958 |a EUIPO 
999 |c 3036321  |d 3038251